ARRUPE JESUIT UNIVERSITY

CORONAVIRUS -STOP THE SPREAD - CLEAN,DISINFECT,COVER

Where needs meet rights : (Record no. 118244)

MARC details
000 -LEADER
fixed length control field 00905cam a22002654a 4500
001 - CONTROL NUMBER
control field 11940003
003 - CONTROL NUMBER IDENTIFIER
control field ARRUPE
005 - DATE AND TIME OF LATEST TRANSACTION
control field 20140903020007.0
008 - FIXED-LENGTH DATA ELEMENTS--GENERAL INFORMATION
fixed length control field 000313s1999 sz b 000 0 eng
010 ## - LIBRARY OF CONGRESS CONTROL NUMBER
LC control number 00309576
020 ## - INTERNATIONAL STANDARD BOOK NUMBER
International Standard Book Number 2825413194
040 ## - CATALOGING SOURCE
Original cataloging agency DLC
Transcribing agency DLC
Modifying agency DLC
042 ## - AUTHENTICATION CODE
Authentication code pcc
050 00 - LIBRARY OF CONGRESS CALL NUMBER
Classification number JC571
Item number .G625 1999
300 ## - PHYSICAL DESCRIPTION
Dimensions 21 cm.
100 1# - MAIN ENTRY--PERSONAL NAME
Personal name Goldewijk, Berma Klein.
9 (RLIN) 2096
245 10 - TITLE STATEMENT
Title Where needs meet rights :
Remainder of title economic, social and cultural rights in a new perspective /
Statement of responsibility, etc Berma Klein Goldewijk and Bas de Gaay Fortman.
260 ## - PUBLICATION, DISTRIBUTION, ETC. (IMPRINT)
Place of publication, distribution, etc Geneva :
Name of publisher, distributor, etc WSC Publications,
Date of publication, distribution, etc c1999.
300 ## - PHYSICAL DESCRIPTION
Extent xiv, 146 p. ;
504 ## - BIBLIOGRAPHY, ETC. NOTE
Bibliography, etc Includes bibliographical references.
650 #0 - SUBJECT ADDED ENTRY--TOPICAL TERM
Topical term or geographic name as entry element Human rights.
9 (RLIN) 2097
700 1# - ADDED ENTRY--PERSONAL NAME
Personal name Gaay Fortman, Bastiaan de.
9 (RLIN) 2098
906 ## - LOCAL DATA ELEMENT F, LDF (RLIN)
a 7
b cbc
c origres
d 3
e ncip
f 20
g y-gencatlg
942 ## - ADDED ENTRY ELEMENTS (KOHA)
Source of classification or shelving scheme Library of Congress Classification
Koha item type Monograph ( Printed materials)
Koha issues (borrowed), all copies 1
Holdings
Withdrawn status Lost status Source of classification or shelving scheme Damaged status Not for loan Home library Current library Shelving location Date acquired Total Checkouts Full call number Barcode Date last seen Date checked out Price effective from Koha item type
    Library of Congress Classification     ARRUPE LIBRARY ARRUPE LIBRARY Main Collection 03/10/2013 4 JC571 .G625 1999 46410726 29/06/2018 07/04/2016 03/10/2013 Monograph ( Printed materials)

 

Arrupe Library. PO Box MP320 Mt Pleasant, Harare, Zimbabwe
263 242 745411|librarian@aju.ac.zw